000 00358nam a2200145Ia 4500
008 230917s9999||||xx |||||||||||||| ||und||
040 _e199620
_aMAIN
041 _aEnglish
082 _a910.02 H711P
100 _aHolden, Joseph
245 0 _aPhysical Geography: The basics
260 _aLondon
_bRoutledge
_c2011
300 _aviii, 167 p.
942 _cBK
999 _c159834
_d159834